| 000 | 00543ntaaa2200205 4500 | ||
|---|---|---|---|
| 003 | 01 | ||
| 005 | 20251027200951.0 | ||
| 008 | 0714s1973 ag 01 | ||
| 040 |
_aAR-BaBN _bspa _cAR-BaBN _eaacr _dRIC |
||
| 082 | _a220.83054 C76m | ||
| 100 |
_aConti, Cristina _96506 |
||
| 245 |
_aLa mujer, segun la biblia / _cCristina Conti |
||
| 250 | _a1 ed. | ||
| 260 |
_aBuenos Aires. : _bSITB, _c1991 |
||
| 300 |
_aiv, 48 p. ; _c28 cm |
||
| 500 | _aProfesor nnBorradorFalta encuadernar | ||
| 650 |
_aBiblia _9468 |
||
| 650 |
_aMujer _91717 |
||
| 942 | _cBK | ||
| 999 |
_c3666 _d3666 |
||